Modelo de sostenibilidad en la gestión de residuos sólidos en la Universidad ITECO y su periferia / Rosa Mabel Cruceta Reyes y Karina Mercedes Soto Guzmán; asesor Jaime Arismendi Acosta Padilla, MG,Sc. (Registro nro. 12145)

Detalles MARC
000 -LEADER
fixed length control field 01020nam a22002291a 4500
001 - CONTROL NUMBER
control field 12145
003 - CONTROL NUMBER IDENTIFIER
control field OSt
005 - DATE AND TIME OF LATEST TRANSACTION
control field 20260204212314.0
008 - FIXED-LENGTH DATA ELEMENTS--GENERAL INFORMATION
fixed length control field 150310s2014||||dr ||||||b||||||||||spa||
090 ## - LOCALLY ASSIGNED LC-TYPE CALL NUMBER (OCLC); LOCAL CALL NUMBER (RLIN)
Classification number (OCLC) (R) ; Classification number, CALL (RLIN) (NR) ADM 2014 C78
100 1# - ASIENTO PRINCIPAL -- NOMBRE PERSONAL
Personal name Cruceta Reyes, Rosa Mabel
9 (RLIN) sustentante
245 1# - TÍTULO PROPIAMENTE DICHO: SUBTÍTULO
Title Modelo de sostenibilidad en la gestión de residuos sólidos en la Universidad ITECO y su periferia / Rosa Mabel Cruceta Reyes y Karina Mercedes Soto Guzmán; asesor Jaime Arismendi Acosta Padilla, MG,Sc.
260 ## - PUBLICATION, DISTRIBUTION, ETC.
Place of publication, distribution, etc. Cotuí, República Dominicana :
Name of publisher, distributor, etc. UTECO,
Date of publication, distribution, etc. 2014
264 ## - PRODUCTION, PUBLICATION, DISTRIBUTION, MANUFACTURE, AND COPYRIGHT NOTICE
Place of production, publication, distribution, manufacture Santo Domingo : El Autor
300 ## - PHYSICAL DESCRIPTION
Extensión 104 hojas
502 ## - THESIS NOTE
Dissertation note Trabajo de grado (Licenciatura en Administración) --Universidad Tecnológica del Cibao Oriental, 2014
504 ## - BIBLIOGRAPHY, ETC. NOTE
Bibliography, etc. note Incluye referencia bibliográfica e índice
650 ## - ASIENTO SECUNDARIO DE MATERIA -- TERMINO TOPICO
Asiento secundario de materia Modelo de sostenibilidad-- Administración
700 1# - ASIENTO SECUNDARIO -- NOMBRE PERSONAL
Personal name Acosta Padilla. Jaime Arismendi
Relator term asesor
830 ## - ASIENTO SECUNDARIO DE SERIE - TÍTULO UNIFORME
Uniform title Tesis y disertaciones académicas (Universidad Tecnológica del Cibao Oriental)
942 ## - ADDED ENTRY ELEMENTS (KOHA)
Source of classification or shelving scheme Clasificación Local
Koha item type Tesis
Existencias
Withdrawn status Lost status Source of classification or shelving scheme Damaged status Not for loan Collection code Home library Current library Shelving location Date acquired Inventory number Total Checkouts Full call number Barcode Date last seen Copy number Price effective from Koha item type
    Clasificación Local   Préstamo Interno Trabajos de Grado e Investigación   Biblioteca UTECO En Estantería 09/09/2019 AT-2014-002   ADM 2014 C78 AT-2014-002 09/09/2019 Ej.1 09/09/2019 Tesis
© 2021 Derechos Reservados UTECO - Teléfono: +1 809-585-2291 - Correo electrónico: biblioteca@uteco.edu.do​  
Código postal 43000 ​​
Dirección: Avenida Universitaria No. 100, 
Cotuí, Provincia Sánchez Ramírez, República Dominicana - RNC: 404-00059-6